[Event "Continental Class Ch."]
[Site "Arlington, VA"]
[Date "2013.10.09"]
[Round "1.3"]
[White "Pressman, Leif"]
[Black "Lenderman, Alex"]
[Result "0-1"]
[WhiteElo "2250"]
[BlackElo "2539"]
[PlyCount "76"]
[EventDate "2013.10.??"]
[EventType "swiss"]
[EventRounds "9"]
[EventCountry "USA"]
[SourceDate "2013.10.10"]

1. e4 c6 2. d4 d5 3. e5 Bf5 4. h4 h5 5. c4 e6 6. Nc3 Ne7 7. Bg5 Qb6 8. Qd2 Nd7
9. Nge2 dxc4 10. Ng3 O-O-O 11. Nxf5 exf5 12. Be3 Qc7 13. Qc2 Nb6 14. O-O-O g6
15. Nb1 Ned5 16. Bxc4 Nxe3 17. fxe3 Bh6 18. Rd3 c5 19. Nd2 cxd4 20. Bxf7 Bxe3
21. Kb1 Qxc2+ 22. Kxc2 Nd5 23. Bxd5 Rxd5 24. Nf3 Kd7 25. Rhd1 Ke6 26. b4 Rc8+
27. Kb2 Rc4 28. Kb3 b5 29. a3 f4 30. Ra1 Rc6 31. Rad1 Rc7 32. Ra1 Kf5 33. Rad1
Ke4 34. e6 Re7 35. a4 a6 36. axb5 axb5 37. Ng5+ Rxg5 38. hxg5 Rxe6 0-1

[Event "Continental Class Ch."]
[Site "Arlington, VA"]
[Date "2013.10.09"]
[Round "1.7"]
[White "Li, Ethan"]
[Black "Smith, Bryan G"]
[Result "0-1"]
[WhiteElo "2065"]
[BlackElo "2448"]
[PlyCount "46"]
[EventDate "2013.10.??"]
[EventType "swiss"]
[EventRounds "9"]
[EventCountry "USA"]
[SourceDate "2013.10.10"]

1. d4 Nf6 2. c4 e6 3. Nf3 c5 4. g3 cxd4 5. Nxd4 d5 6. Bg2 e5 7. Nf3 d4 8. O-O
Nc6 9. b3 Bg4 10. Ba3 Bxa3 11. Nxa3 O-O 12. h3 Bh5 13. Nh4 Qe7 14. Nb1 e4 15.
g4 Bxg4 16. hxg4 Nxg4 17. Nf5 Qe5 18. Ng3 f5 19. Bh3 Ne3 20. fxe3 Qxg3+ 21. Bg2
Qxe3+ 22. Rf2 Ne5 23. Qd2 Qxf2+ 0-1

[Event "Continental Class Ch."]
[Site "Arlington, VA"]
[Date "2013.10.09"]
[Round "1.12"]
[White "Kaufman, Larry C"]
[Black "Khan, Shamim"]
[Result "1-0"]
[WhiteElo "2347"]
[BlackElo "1943"]
[PlyCount "57"]
[EventDate "2013.10.??"]
[EventType "swiss"]
[EventRounds "9"]
[EventCountry "USA"]
[SourceDate "2013.10.10"]

1. d4 d5 2. c4 c6 3. Nf3 Nf6 4. Nc3 e6 5. Bg5 Nbd7 6. cxd5 exd5 7. e3 Bd6 8.
Bd3 Qa5 9. O-O O-O 10. a3 h6 11. Bh4 Re8 12. b4 Qc7 13. Qc2 a5 14. b5 c5 15.
dxc5 Bxc5 16. Rfd1 Bd6 17. Nxd5 Nxd5 18. Bh7+ Kh8 19. Rxd5 Ne5 20. Nxe5 Bxe5
21. Qxc7 Bxc7 22. Bf5 Be5 23. Bxc8 Bxa1 24. Bxb7 Rab8 25. Bc6 Rec8 26. a4 Rb6
27. Rd8+ Rxd8 28. Bxd8 Rb8 29. Bc7 1-0

[Event "Continental Class Ch."]
[Site "Arlington, VA"]
[Date "2013.10.10"]
[Round "2.7"]
[White "Kekelidze, Mikheil"]
[Black "Strenzwilk, Denis"]
[Result "1-0"]
[WhiteElo "2463"]
[BlackElo "1956"]
[PlyCount "87"]
[EventDate "2013.10.??"]
[EventType "swiss"]
[EventRounds "9"]
[EventCountry "USA"]
[SourceDate "2013.10.10"]

1. d4 d5 2. c4 Bf5 3. cxd5 Bxb1 4. Qa4+ c6 5. Rxb1 Qxd5 6. Nf3 Nd7 7. a3 Ngf6
8. e3 Qf5 9. Ra1 e6 10. Qb3 Nb6 11. Bd3 Qd5 12. Qc2 Be7 13. O-O h6 14. e4 Qd8
15. Qe2 g6 16. Be3 Ng4 17. Bd2 h5 18. Rad1 Kf8 19. h3 Nf6 20. Be3 h4 21. Ne5
Nh5 22. Qc2 Kg7 23. Be2 Bf6 24. a4 a5 25. Qb3 Qc7 26. Ng4 Bd8 27. Bf3 Nd7 28.
d5 cxd5 29. exd5 exd5 30. Rxd5 Nhf6 31. Rc1 Nxd5 32. Qxd5 Nf6 33. Nxf6 Qxc1+
34. Bxc1 Bxf6 35. b3 Rhd8 36. Qb5 Rac8 37. Bg5 Bxg5 38. Qxg5 Rd3 39. Qe5+ Kg8
40. Bd5 Rd1+ 41. Kh2 Rcc1 42. Qe8+ Kg7 43. Qxf7+ Kh8 44. Qg8# 1-0

[Event "Continental Class Ch."]
[Site "Arlington, VA"]
[Date "2013.10.10"]
[Round "2.9"]
[White "Bierkens, Pieter"]
[Black "Burke, John M"]
[Result "0-1"]
[WhiteElo "2128"]
[BlackElo "2005"]
[PlyCount "44"]
[EventDate "2013.10.??"]
[EventType "swiss"]
[EventRounds "9"]
[EventCountry "USA"]
[SourceDate "2013.10.10"]

1. e4 e5 2. Nf3 Nc6 3. Bb5 a6 4. Bxc6 dxc6 5. d3 f6 6. O-O Bd6 7. Nbd2 Ne7 8.
Nc4 O-O 9. b3 b5 10. Nxd6 cxd6 11. d4 Bg4 12. Ba3 Bxf3 13. gxf3 Ng6 14. Kh1 Qd7
15. Rg1 Rad8 16. Qd2 f5 17. Rad1 Nh4 18. Qc3 fxe4 19. fxe4 Nf3 20. dxe5 Qh3 21.
Rg2 Rf4 22. e6 Rg4 0-1

[Event "Continental Class Ch."]
[Site "Arlington, VA"]
[Date "2013.10.10"]
[Round "2.10"]
[White "Homa, Seth"]
[Black "Yagiz, Bora"]
[Result "1-0"]
[WhiteElo "2351"]
[BlackElo "1907"]
[PlyCount "35"]
[EventDate "2013.10.??"]
[EventType "swiss"]
[EventRounds "9"]
[EventCountry "USA"]
[SourceDate "2013.10.10"]

1. c4 d6 2. Nc3 e5 3. Nf3 g5 4. d4 g4 5. Ng1 Bg7 6. dxe5 Bxe5 7. e4 c6 8. Be3
Ne7 9. Qd2 Ng6 10. O-O-O Qa5 11. Nge2 O-O 12. f4 gxf3 13. gxf3 Rd8 14. f4 Bf6
15. Rg1 Kf8 16. f5 Ne5 17. Bh6+ Ke7 18. Nd5+ 1-0

[Event "Continental Class Ch."]
[Site "Arlington, VA"]
[Date "2013.10.10"]
[Round "2.11"]
[White "Chan, James"]
[Black "Reis, Renan do Carmo"]
[Result "0-1"]
[WhiteElo "2039"]
[BlackElo "2259"]
[PlyCount "94"]
[EventDate "2013.10.??"]
[EventType "swiss"]
[EventRounds "9"]
[EventCountry "USA"]
[SourceDate "2013.10.10"]

1. e4 c5 2. Nf3 d6 3. d4 cxd4 4. Nxd4 Nf6 5. Nc3 a6 6. Bg5 Nbd7 7. f4 Qc7 8.
Qe2 e6 9. O-O-O Be7 10. g4 b5 11. a3 Rb8 12. Bh4 h6 13. Be1 g5 14. fxg5 hxg5
15. Bg2 Ne5 16. h3 Nc4 17. Nb3 Nd7 18. Rf1 Bf6 19. Rd3 a5 20. Nd1 Be5 21. Rdf3
Rh7 22. h4 gxh4 23. g5 Qd8 24. Kb1 Qxg5 25. Nxa5 Nxa5 26. Bxa5 Bg3 27. Bd2 Qh5
28. Qe3 Ne5 29. Qa7 Nc6 30. Qc7 Bd7 31. Bh3 d5 32. Bf4 dxe4 33. Rc3 Rc8 34. Qd6
Bxf4 35. Qxf4 f5 36. Rg1 e5 37. Qd2 Qf7 38. Qd6 Qe6 39. Qd2 Nd4 40. Rxc8+ Bxc8
41. Qb4 Bd7 42. Nc3 Qe7 43. Qa5 Rg7 44. Qa8+ Kf7 45. Rd1 Bc6 46. Qh8 e3 47.
Qh5+ Kg8 0-1

[Event "Continental Class Ch."]
[Site "Arlington, VA"]
[Date "2013.10.10"]
[Round "2.15"]
[White "Gutman, Joshua"]
[Black "Hetzer, Volkhard"]
[Result "1/2-1/2"]
[WhiteElo "2133"]
[BlackElo "1940"]
[PlyCount "59"]
[EventDate "2013.10.??"]
[EventType "swiss"]
[EventRounds "9"]
[EventCountry "USA"]
[SourceDate "2013.10.10"]

1. d4 d6 2. Nf3 Nf6 3. c4 Nbd7 4. Nc3 e5 5. e4 Be7 6. Be2 O-O 7. O-O c6 8. Re1
Qc7 9. b3 Re8 10. Bb2 Bf8 11. Qc2 a6 12. a4 c5 13. dxe5 Nxe5 14. Nxe5 dxe5 15.
Rad1 Be6 16. Rd3 Rad8 17. Red1 Be7 18. Bf3 Rxd3 19. Rxd3 Rd8 20. Rxd8+ Qxd8 21.
Nd5 Bd6 22. h3 Nxd5 23. exd5 Bd7 24. Qe2 Qe7 25. Be4 f5 26. Bc2 Qe8 27. Kf1 Qe7
28. Qe3 Bc8 29. Ke1 Bd7 30. Kf1 1/2-1/2

[Event "Continental Class Ch."]
[Site "Arlington, VA"]
[Date "2013.10.10"]
[Round "3.2"]
[White "Shabalov, Alexander"]
[Black "Smith, Bryan G"]
[Result "1/2-1/2"]
[WhiteElo "2520"]
[BlackElo "2448"]
[PlyCount "35"]
[EventDate "2013.10.??"]
[EventType "swiss"]
[EventRounds "9"]
[EventCountry "USA"]
[SourceDate "2013.10.10"]

1. d4 Nf6 2. c4 e6 3. Nc3 Bb4 4. e3 b6 5. Nge2 c5 6. a3 Ba5 7. Rb1 Na6 8. Bd2
O-O 9. Ng3 d5 10. cxd5 cxd4 11. exd4 Bxc3 12. bxc3 Qxd5 13. Be2 Bb7 14. f3 Nc7
15. O-O Ba6 16. Bxa6 Nxa6 17. Qe2 Nb8 18. Rb5 1/2-1/2

[Event "Continental Class Ch."]
[Site "Arlington, VA"]
[Date "2013.10.10"]
[Round "3.4"]
[White "Burke, John M"]
[Black "Kekelidze, Mikheil"]
[Result "0-1"]
[WhiteElo "2005"]
[BlackElo "2463"]
[PlyCount "70"]
[EventDate "2013.10.??"]
[EventType "swiss"]
[EventRounds "9"]
[EventCountry "USA"]
[SourceDate "2013.10.10"]

1. e4 c5 2. Nf3 e6 3. d4 cxd4 4. Nxd4 a6 5. Bd3 Qb6 6. c3 d6 7. O-O Nf6 8. Qe2
Be7 9. Be3 Qc7 10. f4 Nbd7 11. Nd2 b6 12. Rae1 Bb7 13. Bf2 g6 14. Bh4 e5 15.
fxe5 dxe5 16. N4f3 O-O 17. Kh1 b5 18. a4 bxa4 19. Nc4 Kg7 20. Bg3 Nh5 21. Bxe5+
Nxe5 22. Ncxe5 Bd6 23. g4 Nf4 24. Qe3 Nxd3 25. Nxd3 a3 26. Qd4+ Kg8 27. bxa3
Rad8 28. Qe3 Qxc3 29. Qh6 Qg7 30. Qxg7+ Kxg7 31. a4 Rfe8 32. e5 Be7 33. Nb2 Rd2
34. Rb1 Rb8 35. Nc4 Bxf3+ 0-1

[Event "Continental Class Ch."]
[Site "Arlington, VA"]
[Date "2013.10.10"]
[Round "3.6"]
[White "Stripunsky, Alexander"]
[Black "Reis, Renan do Carmo"]
[Result "1-0"]
[WhiteElo "2549"]
[BlackElo "2259"]
[PlyCount "115"]
[EventDate "2013.10.??"]
[EventType "swiss"]
[EventRounds "9"]
[EventCountry "USA"]
[SourceDate "2013.10.10"]

1. e4 c5 2. c3 Nf6 3. e5 Nd5 4. Nf3 d6 5. Bc4 Nb6 6. Bb3 Nc6 7. exd6 Qxd6 8.
Na3 Bf5 9. d4 cxd4 10. Nb5 Qd8 11. Nfxd4 Nxd4 12. Nxd4 Bg6 13. O-O e6 14. Qf3
Bc5 15. Be3 Qe7 16. Nc6 Qd6 17. Rfd1 Qxc6 18. Qxc6+ bxc6 19. Bxc5 Be4 20. f3
Bf5 21. Rd6 Rc8 22. Rad1 O-O 23. a4 Nd5 24. Bxa7 Ra8 25. Bc5 Rfb8 26. Bb4 Nxb4
27. cxb4 Kf8 28. R1d4 c5 29. Rc4 Ke7 30. Rc6 cxb4 31. Rc7+ Ke8 32. h4 h5 33.
Rd4 Rb6 34. Kf2 Bg6 35. Ke3 Ra5 36. Rcc4 e5 37. Rc8+ Ke7 38. Rc7+ Ke8 39. Rdd7
Rf6 40. Bc4 Rc6 41. Bxf7+ Bxf7 42. Re7+ Kd8 43. Rcd7+ Kc8 44. Rxf7 g6 45. Rde7
Rd6 46. Rc7+ Kb8 47. Rb7+ Ka8 48. Rxb4 Rd4 49. Rxd4 exd4+ 50. Kd3 g5 51. b3
gxh4 52. f4 Rc5 53. Kxd4 Rc2 54. Rg7 Rd2+ 55. Kc5 Rc2+ 56. Kb6 Rc8 57. f5 Rb8+
58. Kc6 1-0

[Event "Continental Class Ch."]
[Site "Arlington, VA"]
[Date "2013.10.10"]
[Round "3.9"]
[White "Nieto, Manuel Valerio Wald"]
[Black "Homa, Seth"]
[Result "0-1"]
[WhiteElo "2014"]
[BlackElo "2351"]
[PlyCount "50"]
[EventDate "2013.10.??"]
[EventType "swiss"]
[EventRounds "9"]
[EventCountry "USA"]
[SourceDate "2013.10.10"]

1. Nf3 c5 2. g3 Nc6 3. Bg2 g6 4. c4 Bg7 5. Nc3 d6 6. O-O Bf5 7. d3 Qd7 8. Re1
Nf6 9. Bg5 O-O 10. Qd2 Bh3 11. Bh6 Bxg2 12. Kxg2 Nd4 13. Nxd4 cxd4 14. Nb5 Bxh6
15. Qxh6 e5 16. Qd2 a6 17. Na3 Nh5 18. e3 dxe3 19. fxe3 f5 20. Rf1 d5 21. Qa5
Rad8 22. Qxd5+ Qxd5+ 23. cxd5 Rxd5 24. Rad1 Rfd8 25. e4 fxe4 0-1

[Event "Continental Class Ch."]
[Site "Arlington, VA"]
[Date "2013.10.10"]
[Round "3.10"]
[White "Vibbert, Sean"]
[Black "Strenzwilk, Denis"]
[Result "1-0"]
[WhiteElo "2299"]
[BlackElo "1956"]
[PlyCount "53"]
[EventDate "2013.10.??"]
[EventType "swiss"]
[EventRounds "9"]
[EventCountry "USA"]
[SourceDate "2013.10.10"]

1. e4 d5 2. exd5 Nf6 3. d4 Nxd5 4. c4 Nb6 5. Be3 e5 6. Nf3 Bg4 7. Be2 Nc6 8. d5
Bb4+ 9. Kf1 e4 10. Ng5 Nxc4 11. Bxg4 Nxe3+ 12. fxe3 Qxg5 13. dxc6 O-O 14. h4
Qf6+ 15. Kg1 Qxb2 16. Qd4 Qc1+ 17. Kh2 Qxc6 18. Qxb4 Qf6 19. Nc3 c5 20. Qc4
Qxh4+ 21. Bh3 Rfe8 22. Raf1 Re5 23. Rf4 Qe7 24. Rd1 a6 25. Rd7 Qe8 26. Rxb7 g6
27. Nxe4 1-0

[Event "Continental Class Ch."]
[Site "Arlington, VA"]
[Date "2013.10.10"]
[Round "3.15"]
[White "Khan, Shamim"]
[Black "Chan, James"]
[Result "0-1"]
[WhiteElo "1943"]
[BlackElo "2039"]
[PlyCount "78"]
[EventDate "2013.10.??"]
[EventType "swiss"]
[EventRounds "9"]
[EventCountry "USA"]
[SourceDate "2013.10.10"]

1. Nf3 d5 2. g3 Nf6 3. Bg2 g6 4. O-O Bg7 5. d3 O-O 6. Nbd2 c6 7. e4 Bg4 8. e5
Nfd7 9. d4 e6 10. h3 Bxf3 11. Nxf3 c5 12. c3 Qb6 13. Qe2 cxd4 14. cxd4 Nc6 15.
Be3 Rac8 16. h4 Nb4 17. a3 Nc2 18. Rac1 Nxe3 19. fxe3 Qb3 20. h5 Bh6 21. Kf2 f5
22. hxg6 hxg6 23. Rh1 Kg7 24. Nd2 Qxb2 25. Rb1 Qxa3 26. Rxb7 Rf7 27. Bxd5 exd5
28. e6 Re7 29. Rxd7 Rxd7 30. exd7 Rd8 31. Nf3 Rxd7 32. Ne5 Rb7 33. Rd1 Rb3 34.
Rd3 Rxd3 35. Nxd3 Qb3 36. Nc5 Qc3 37. g4 fxg4 38. Qxg4 Qxe3+ 39. Kg2 Qe7 0-1

[Event "Continental Class Ch."]
[Site "Arlington, VA"]
[Date "2013.10.11"]
[Round "4.2"]
[White "Kekelidze, Mikheil"]
[Black "Lenderman, Alex"]
[Result "0-1"]
[WhiteElo "2463"]
[BlackElo "2539"]
[PlyCount "134"]
[EventDate "2013.10.??"]
[EventType "swiss"]
[EventRounds "9"]
[EventCountry "USA"]
[SourceDate "2013.10.10"]

1. g3 d5 2. Bg2 e5 3. c4 d4 4. d3 Nc6 5. Nf3 Nf6 6. O-O Bd6 7. b4 Nxb4 8. Bg5
O-O 9. Nbd2 Nc6 10. Rb1 Be7 11. Qa4 Nd7 12. Bxe7 Qxe7 13. Rfc1 Re8 14. Ne1 Nc5
15. Qa3 Bd7 16. Ne4 Nxe4 17. Qxe7 Rxe7 18. Bxe4 Rb8 19. Nc2 Nd8 20. c5 c6 21.
f4 f5 22. Bg2 exf4 23. Nxd4 fxg3 24. hxg3 Rc8 25. a4 Rc7 26. a5 a6 27. Rb2 Bc8
28. Rc4 Nf7 29. Nf3 g6 30. Rcb4 Kg7 31. Kf2 Nh6 32. Nh2 Ng8 33. Nf1 Nf6 34. Ne3
Be6 35. Bf3 h5 36. Nc4 Bxc4 37. Rxc4 Nd7 38. Rbc2 Ne5 39. Rd4 Rcd7 40. Rh4 Kf6
41. Ra4 Rd8 42. Ra3 Rd4 43. Rb2 h4 44. gxh4 Rxh4 45. Rab3 Rh2+ 46. Bg2 Rhh7 47.
Kg1 Rd7 48. Rb1 Ng4 49. d4 Rxd4 50. Bf3 Rdd7 51. Bxg4 fxg4 52. Kg2 Kg5 53. R1b2
Rde7 54. Rb4 Rhf7 55. R4b3 Kh4 56. Rb4 Re5 57. Rxb7 Rxb7 58. Rxb7 Rxe2+ 59. Kf1
Rc2 60. Rb6 g3 61. Rxc6 g2+ 62. Kg1 Kh3 63. Rxg6 Rc1+ 64. Kf2 Rf1+ 65. Ke3
g1=Q+ 66. Rxg1 Rxg1 67. Kd4 Rg4+ 0-1

[Event "Continental Class Ch."]
[Site "Arlington, VA"]
[Date "2013.10.11"]
[Round "4.4"]
[White "Homa, Seth"]
[Black "Stripunsky, Alexander"]
[Result "0-1"]
[WhiteElo "2351"]
[BlackElo "2549"]
[PlyCount "76"]
[EventDate "2013.10.??"]
[EventType "swiss"]
[EventRounds "9"]
[EventCountry "USA"]
[SourceDate "2013.10.10"]

1. d4 d5 2. c4 c6 3. Nf3 Nf6 4. Nc3 e6 5. Bg5 Be7 6. e3 O-O 7. Bd3 Nbd7 8. O-O
h6 9. Bh4 dxc4 10. Bxc4 b5 11. Bd3 Bb7 12. Rc1 Rc8 13. Ne5 Nxe5 14. dxe5 Nd7
15. Bxe7 Qxe7 16. f4 f5 17. exf6 Nxf6 18. Qb3 a6 19. a4 Kh8 20. Ne2 bxa4 21.
Qxa4 c5 22. Bb1 Qd6 23. Rfd1 Qb6 24. Qc2 Be4 25. Qc3 Bxb1 26. Rxb1 Rfd8 27. Ng3
Rd5 28. Rxd5 exd5 29. h3 Qe6 30. Kh2 c4 31. Ra1 Re8 32. Ra3 h5 33. Qb4 h4 34.
Ne2 Ne4 35. Qb7 Nd2 36. Rxa6 Qxe3 37. Qf7 Nf3+ 38. Kh1 Qc1+ 0-1

[Event "Continental Class Ch."]
[Site "Arlington, VA"]
[Date "2013.10.11"]
[Round "4.5"]
[White "Vibbert, Sean"]
[Black "Sarkar, Justin"]
[Result "1/2-1/2"]
[WhiteElo "2299"]
[BlackElo "2455"]
[PlyCount "116"]
[EventDate "2013.10.??"]
[EventType "swiss"]
[EventRounds "9"]
[EventCountry "USA"]
[SourceDate "2013.10.10"]

1. e4 c5 2. Nf3 d6 3. d4 cxd4 4. Nxd4 Nf6 5. Nc3 a6 6. h3 e6 7. g4 d5 8. exd5
Nxd5 9. Nde2 h5 10. Bg2 hxg4 11. hxg4 Rxh1+ 12. Bxh1 Nc6 13. Bxd5 exd5 14. Qxd5
Be6 15. Qe4 Qh4 16. Nf4 Bc5 17. Nd3 Bd4 18. Be3 Bxe3 19. Nd5 Bb6 20. Nxb6 Rd8
21. O-O-O Rd4 22. Qe3 Qxg4 23. Rh1 Qf5 24. Qg3 Ke7 25. Qxg7 Rxd3 26. cxd3 Qc5+
27. Nc4 b5 28. Rh8 Kd7 29. Rf8 bxc4 30. Rxf7+ Bxf7 31. Qxf7+ Ne7 32. dxc4 a5
33. a3 a4 34. Kc2 Qd4 35. b3 Qe4+ 36. Kc3 Qe1+ 37. Kc2 Qe2+ 38. Kc3 Qe1+ 39.
Kc2 Qe2+ 40. Kc3 Qa2 41. bxa4 Qxa3+ 42. Kd2 Qxa4 43. Ke2 Qc2+ 44. Kf1 Qd3+ 45.
Kg2 Qe4+ 46. Kf1 Kd6 47. Kg1 Qg4+ 48. Kf1 Ng6 49. Qd5+ Ke7 50. f3 Qg3 51. Qe4+
Kf7 52. Qf5+ Kg7 53. Qd7+ Kh6 54. Qc6 Kg5 55. Qd5+ Kh4 56. Qd4+ Kh3 57. Qg4+
Qxg4 58. fxg4 Kxg4 1/2-1/2

[Event "Continental Class Ch."]
[Site "Arlington, VA"]
[Date "2013.10.11"]
[Round "4.8"]
[White "Bierkens, Pieter"]
[Black "Kaufman, Larry C"]
[Result "1-0"]
[WhiteElo "2128"]
[BlackElo "2347"]
[PlyCount "126"]
[EventDate "2013.10.??"]
[EventType "swiss"]
[EventRounds "9"]
[EventCountry "USA"]
[SourceDate "2013.10.10"]

1. e4 e5 2. Nf3 Nc6 3. Bb5 a6 4. Bxc6 dxc6 5. d4 exd4 6. Qxd4 Qxd4 7. Nxd4 Bd6
8. Nc3 Ne7 9. O-O O-O 10. f4 f6 11. Be3 c5 12. Nf3 Nc6 13. Rae1 Re8 14. h3 b6
15. g4 Bb7 16. a3 Rad8 17. h4 b5 18. g5 b4 19. Nd5 fxg5 20. Nxg5 h6 21. e5 Bxe5
22. fxe5 Rxd5 23. Nf3 Nxe5 24. Nxe5 Rdxe5 25. Bd2 Be4 26. axb4 cxb4 27. Bxb4
R8e6 28. Bc3 Rh5 29. Rf4 Rg6+ 30. Kh2 Bxc2 31. Re8+ Kh7 32. Re7 c6 33. Ra7 Bb3
34. Rb7 Bd5 35. Re7 Rg2+ 36. Kh3 Rg1 37. Rg4 Rh1+ 38. Kg3 Rg1+ 39. Kf4 Rf1+ 40.
Kg3 Rf3+ 41. Kh2 Rxc3 42. bxc3 Kh8 43. Kg3 Rf5 44. Rgxg7 h5 45. Rh7+ Kg8 46.
Reg7+ Kf8 47. Rb7 Kg8 48. Rhd7 Rf3+ 49. Kh2 Bf7 50. Kg2 Rf5 51. Kg3 a5 52. Ra7
Kf8 53. Rdc7 Be8 54. Ra8 Re5 55. Kf4 Re6 56. Rxa5 Bf7 57. Rf5 Re7 58. Rxc6 Kg7
59. c4 Rd7 60. c5 Rd4+ 61. Ke5 Rd5+ 62. Ke4 Rd7 63. Rg5+ Kf8 1-0

[Event "Continental Class Ch."]
[Site "Arlington, VA"]
[Date "2013.10.11"]
[Round "4.9"]
[White "Katz, Benjamin"]
[Black "Burke, John M"]
[Result "1/2-1/2"]
[WhiteElo "2141"]
[BlackElo "2005"]
[PlyCount "74"]
[EventDate "2013.10.??"]
[EventType "swiss"]
[EventRounds "9"]
[EventCountry "USA"]
[SourceDate "2013.10.10"]

1. e4 e5 2. Nf3 Nc6 3. Bb5 a6 4. Ba4 Nf6 5. d4 exd4 6. O-O Be7 7. Re1 O-O 8. e5
Nd5 9. Nxd4 Nxd4 10. Qxd4 Nb6 11. Bb3 d6 12. exd6 Bxd6 13. Bf4 Bxf4 14. Qxf4
Nd7 15. Nc3 Nc5 16. Rad1 Bd7 17. Re5 Nxb3 18. axb3 Qf6 19. Qxf6 gxf6 20. Re7
Bf5 21. Rxc7 Bxc2 22. Rd4 Bxb3 23. Rxb7 Rfb8 24. Rdb4 Rxb7 25. Rxb7 Bc4 26. f3
Rd8 27. Rb4 Be6 28. Kf2 a5 29. Rb5 Rd2+ 30. Kg3 Kg7 31. Rxa5 Rxb2 32. Nd5 Bxd5
33. Rxd5 Ra2 34. h4 Rb2 35. Kh3 Rf2 36. Rf5 Ra2 37. g3 Rb2 1/2-1/2

[Event "Continental Class Ch."]
[Site "Arlington, VA"]
[Date "2013.10.11"]
[Round "4.11"]
[White "Reis, Renan do Carmo"]
[Black "Nieto, Manuel Valerio Wald"]
[Result "1-0"]
[WhiteElo "2259"]
[BlackElo "2014"]
[PlyCount "65"]
[EventDate "2013.10.??"]
[EventType "swiss"]
[EventRounds "9"]
[EventCountry "USA"]
[SourceDate "2013.10.10"]

1. e4 d5 2. exd5 Nf6 3. c4 c6 4. d4 cxd5 5. Nc3 e6 6. c5 Be7 7. Bd3 O-O 8. Nf3
b6 9. b4 a5 10. Na4 bxc5 11. bxc5 Nc6 12. O-O Nd7 13. Bf4 Bf6 14. Bb5 Bb7 15.
Rb1 Re8 16. Re1 Qc8 17. Nc3 Bd8 18. Nxd5 Nxd4 19. Qxd4 Bxd5 20. c6 Nf6 21. c7
Bxf3 22. gxf3 Bxc7 23. Bxe8 Nxe8 24. Rec1 Qd8 25. Qxd8 Bxd8 26. Rb8 Rxb8 27.
Bxb8 Kf8 28. Rc8 Ke7 29. Be5 f6 30. Bc3 Nd6 31. Ra8 Nc4 32. Ra7+ Kf8 33. Kf1
1-0

[Event "Continental Class Ch."]
[Site "Arlington, VA"]
[Date "2013.10.11"]
[Round "4.12"]
[White "Hasan, Mehdi"]
[Black "Chan, James"]
[Result "1-0"]
[WhiteElo "2254"]
[BlackElo "2039"]
[PlyCount "51"]
[EventDate "2013.10.??"]
[EventType "swiss"]
[EventRounds "9"]
[EventCountry "USA"]
[SourceDate "2013.10.10"]

1. d4 d5 2. c4 c6 3. Nc3 Nf6 4. e3 a6 5. Nf3 b5 6. c5 g6 7. Ne5 Bg7 8. f4 Bf5
9. Be2 h5 10. O-O O-O 11. Bd2 a5 12. a3 Qc8 13. h3 Ne4 14. Qe1 Nxc3 15. Bxc3 a4
16. g4 hxg4 17. hxg4 Be4 18. Qg3 f6 19. Nf3 Bxf3 20. Bxf3 Qc7 21. e4 e6 22. Kg2
Nd7 23. f5 Qxg3+ 24. Kxg3 gxf5 25. gxf5 exf5 26. exd5 1-0

[Event "Continental Class Ch."]
[Site "Arlington, VA"]
[Date "2013.10.11"]
[Round "4.14"]
[White "Strenzwilk, Denis"]
[Black "Yanayt, Eugene"]
[Result "0-1"]
[WhiteElo "1956"]
[BlackElo "2229"]
[PlyCount "84"]
[EventDate "2013.10.??"]
[EventType "swiss"]
[EventRounds "9"]
[EventCountry "USA"]
[SourceDate "2013.10.10"]

1. e4 c5 2. Nf3 d6 3. d4 cxd4 4. Nxd4 Nf6 5. Nc3 g6 6. Be2 Bg7 7. O-O O-O 8.
Kh1 Nc6 9. Nb3 a6 10. f4 b5 11. Bf3 Bb7 12. Be3 Nd7 13. Qd2 Nb6 14. Bxb6 Qxb6
15. Nd5 Qd8 16. c3 e6 17. Ne3 Qb6 18. Rad1 Rac8 19. Qe2 Rfd8 20. Rd2 b4 21. Nc4
Qc7 22. cxb4 Nxb4 23. Nca5 Nxa2 24. Rfd1 Bf8 25. Rd4 Qb6 26. Qd2 d5 27. exd5
Bxd5 28. Bxd5 Bb4 29. Qd3 Bxa5 30. Nxa5 Nb4 31. Qd2 Rxd5 32. Rxd5 Nxd5 33. h3
Nxf4 34. Qxf4 Qxa5 35. Rd7 Qf5 36. Qd4 e5 37. Rd8+ Kg7 38. Qd1 Rxd8 39. Qxd8
Qb1+ 40. Kh2 Qxb2 41. Qd6 a5 42. Qc6 Qd4 0-1

[Event "Continental Class Ch."]
[Site "Arlington, VA"]
[Date "2013.10.12"]
[Round "5.2"]
[White "Markzon, Gregory"]
[Black "Smith, Bryan G"]
[Result "0-1"]
[WhiteElo "2197"]
[BlackElo "2448"]
[PlyCount "114"]
[EventDate "2013.10.??"]
[EventType "swiss"]
[EventRounds "9"]
[EventCountry "USA"]
[SourceDate "2013.10.10"]

1. d4 Nf6 2. c4 e6 3. Nc3 Bb4 4. e3 b6 5. Nge2 c5 6. a3 Ba5 7. Rb1 Na6 8. Bd2
O-O 9. Ng3 Bb7 10. f3 d5 11. cxd5 cxd4 12. exd4 Bxc3 13. bxc3 Qxd5 14. Be2 Nc7
15. Bf4 Qa5 16. Qb3 Rac8 17. Bd6 Rfe8 18. O-O Qd5 19. Be5 Qxb3 20. Rxb3 Red8
21. a4 Nce8 22. Rc1 Nd5 23. Ne4 f6 24. Bg3 Ne3 25. Bf2 Bd5 26. Rb4 Nc4 27. Bxc4
Rxc4 28. Nd2 Rxb4 29. cxb4 Kf7 30. Kf1 Ke7 31. Ke2 Nd6 32. Rc7+ Rd7 33. Rxd7+
Kxd7 34. b5 Nc4 35. Nxc4 Bxc4+ 36. Kd2 Bb3 37. a5 bxa5 38. d5 exd5 39. Bxa7 Bc4
40. Bc5 Bxb5 41. Kc3 Bf1 42. g3 Be2 43. f4 Ke6 44. Kd4 a4 45. Bb4 h5 46. f5+
Kxf5 47. Kxd5 Kg4 48. Bf8 g5 49. Ke4 Bf1 50. Bd6 f5+ 51. Ke3 Bh3 52. Kf2 f4 53.
gxf4 gxf4 54. Bc5 Kf5 55. Bd6 Ke4 56. Ke2 Bg4+ 57. Kf2 f3 0-1

[Event "Continental Class Ch."]
[Site "Arlington, VA"]
[Date "2013.10.12"]
[Round "5.5"]
[White "Kekelidze, Mikheil"]
[Black "Vibbert, Sean"]
[Result "1-0"]
[WhiteElo "2463"]
[BlackElo "2299"]
[PlyCount "203"]
[EventDate "2013.10.??"]
[EventType "swiss"]
[EventRounds "9"]
[EventCountry "USA"]
[SourceDate "2013.10.10"]

1. e4 c5 2. b3 Nc6 3. Bb2 e5 4. Bc4 d6 5. Ne2 g6 6. O-O Bg7 7. f4 Nge7 8. Nbc3
O-O 9. d3 Nd4 10. Nxd4 exd4 11. Nd5 Be6 12. Nxe7+ Qxe7 13. f5 Bxc4 14. bxc4 Be5
15. Qg4 Kh8 16. Rf3 gxf5 17. Qxf5 Rg8 18. Raf1 Rg6 19. Bc1 Rag8 20. g3 f6 21.
Bf4 Kg7 22. Rb1 Rf8 23. Bd2 Rf7 24. Qc8 Qd7 25. Qxd7 Rxd7 26. Rf5 Kf7 27. Kg2
Ke6 28. a4 Rdg7 29. Kf3 Rd7 30. a5 Re7 31. Ke2 Rg8 32. Rh5 Rf7 33. Rb5 Rc7 34.
Kf3 Rg6 35. Rf5 Rg8 36. Ke2 Rgg7 37. Rb1 Rg6 38. Kd1 Rgg7 39. Ke2 Rg8 40. Rbf1
Rg6 41. Kd1 Rc6 42. Rh5 Rc7 43. Kc1 Rg8 44. Rh6 Rg6 45. Rh4 Rg8 46. Rf5 Rgg7
47. Rfh5 Rcf7 48. Kb2 Rd7 49. Ka3 Rdf7 50. Ka4 Rd7 51. Rf5 Rg8 52. Rf1 Rg6 53.
Rh5 Rg8 54. Rb1 Rc7 55. Rb3 Rg6 56. Rb1 Rg8 57. Rf1 Rg6 58. Bf4 Rg8 59. Bd2 Rg6
60. Rh4 Rg8 61. g4 Rg6 62. h3 Rcg7 63. Rh5 Rc7 64. Rb1 Rd7 65. a6 Rgg7 66. Ka5
Rc7 67. Rh6 Rcf7 68. axb7 Rxb7 69. Rxb7 Rxb7 70. Ka6 Rf7 71. Rh5 Kd7 72. Kb7
Kd8+ 73. Kc6 Rc7+ 74. Kd5 Rb7 75. Ba5+ Ke8 76. Kc6 Rg7 77. Bc7 Ke7 78. Rf5 Rg8
79. Rf1 Rc8 80. Kb7 Kd7 81. Ba5 Rg8 82. Kxa7 h5 83. gxh5 Rg3 84. Rh1 Rg5 85. h6
Ke6 86. Bd2 Rg2 87. h7 f5 88. exf5+ Kxf5 89. Rf1+ Kg6 90. Bf4 Kxh7 91. Bxe5
dxe5 92. Kb6 Rxc2 93. Kxc5 Rc3 94. Kd5 Rxd3 95. Kxe5 Kg7 96. Ke4 Rd2 97. Rf3
Rd1 98. Rd3 Rc1 99. Kxd4 Kf6 100. Re3 Rb1 101. Kd5 Rb8 102. c5 1-0